01408na a2200361 450000100060000000300080000600500170001400800410003103500100007204000250008204100080010708200330011511000340014822200260018224500450020824600450025326000230029830000280032144000530034949000370040250001060043950000650054561000910061061000950070165700230079665700220081965700250084165700290086674000360089574000450093174000480097683000220102420221MIRAKIL20181213155128.0170120b tu 000 0  a20221 aMilasbturcTR-AnCHP atur aCHP 324.2372026bC36ü 1999 aCumhuriyet Halk Partisi (CHP) aÜye kayıt yenileme aCHP üye kayıt yenileme kılavuzucCHP aCHP 1999 üye kayıt yenileme kılavuzu aAnkara bCHPc1999 aktl. broşürc21 sm. aCumhuriyet Halk Partisi yayınlarıpKılavuzlar aÜye Kayıt Yenileme (ÜKY)v4 aDış kapak yapıt adı: Türkiye'ye sahip çık kaydını yenile. Üye kayıt yenileme kılavuzu aKütüphaneciden çevrimdışı versiyonu sağlanabilir aCumhuriyet Halk Partisi (CHP)xKılavuzlar, 1999yParti üyeliğiyÜyelik yenileme aCumhuriyet Halk Partisi (CHP)xYönetmelikler, 1999yParti üyeliğiyÜyelik yenileme aCHP 1999 kılavuzu aCHP kılavuzları aCHP yönetmelikleri aCHP 1999 yönetmeliği aÜye kayıt yenileme kılavuzu aCHP 1999 üye kayıt yenileme kılavuzu aTürkiye'ye sahip çık kaydını yenile. aCHP kılavuzları